Methods for measuring quality of libraries / (Record no. 132732)
[ view plain ]
| 000 -LEADER | |
|---|---|
| fixed length control field | 00865nam a22002657a 4500 |
| 003 - CONTROL NUMBER IDENTIFIER | |
| control field | dpl |
| 005 - DATE AND TIME OF LATEST TRANSACTION | |
| control field | 20170124110159.0 |
| 008 - FIXED-LENGTH DATA ELEMENTS--GENERAL INFORMATION | |
| fixed length control field | 161214b xxu||||| |||| 00| 0 eng d |
| 010 ## - LIBRARY OF CONGRESS CONTROL NUMBER | |
| LC control number | B-219987 |
| 020 ## - INTERNATIONAL STANDARD BOOK NUMBER | |
| Terms of availability | 650.00 |
| 035 ## - SYSTEM CONTROL NUMBER | |
| System control number | B-219987 |
| 037 ## - SOURCE OF ACQUISITION | |
| Source of stock number/acquisition | Cen Lib/Ret |
| 040 ## - CATALOGING SOURCE | |
| Original cataloging agency | DPL |
| Language of cataloging | EN |
| Transcribing agency | TIT |
| 082 ## - DEWEY DECIMAL CLASSIFICATION NUMBER | |
| Classification number | 025.04 |
| Item number | BAV |
| 100 ## - MAIN ENTRY--PERSONAL NAME | |
| Personal name | Bavakutty, M |
| 9 (RLIN) | 3055 |
| 245 ## - TITLE STATEMENT | |
| Title | Methods for measuring quality of libraries / |
| Statement of responsibility, etc | by M Bavakutty [and] K C Abdul Majeed |
| 260 ## - PUBLICATION, DISTRIBUTION, ETC. (IMPRINT) | |
| Place of publication, distribution, etc | New Delhi |
| Name of publisher, distributor, etc | Ess Ess Publications |
| Date of publication, distribution, etc | 2005 |
| 270 ## - ADDRESS | |
| Address | 4837/24, Ansari Road, Darya Ganj |
| City | New Delhi |
| Postal code | 110002 |
| 300 ## - PHYSICAL DESCRIPTION | |
| Extent | 298p. |
| Dimensions | 21cm(Hb) |
| 500 ## - GENERAL NOTE | |
| General note | Includes bibliographical references and index |
| 650 ## - SUBJECT ADDED ENTRY--TOPICAL TERM | |
| Topical term or geographic name as entry element | Libraries -- Evaluation |
| 9 (RLIN) | 35580 |
| 650 ## - SUBJECT ADDED ENTRY--TOPICAL TERM | |
| Topical term or geographic name as entry element | Libraries -- Quality control |
| 9 (RLIN) | 35581 |
| 700 ## - ADDED ENTRY--PERSONAL NAME | |
| Personal name | Majeed, K C Abdul |
| 9 (RLIN) | 35582 |
| 942 ## - ADDED ENTRY ELEMENTS (KOHA) | |
| Source of classification or shelving scheme | Dewey Decimal Classification |
| Koha item type | English Books |
| Classification part | 025.04 |
| Call number suffix | BAV |
| Withdrawn status | Lost status | Damaged status | Not for loan | Home library | Current library | Date acquired | Source of acquisition | Cost, normal purchase price | Total Checkouts | Full call number | Barcode | Date last seen | Copy number | Cost, replacement price | Price effective from | Koha item type | Source of classification or shelving scheme | Collection code |
|---|---|---|---|---|---|---|---|---|---|---|---|---|---|---|---|---|---|---|
| Central Library | Central Library | 23/07/2015 | Cen Lib/Ret | 650.00 | 025.04 BAV | B-219987 | 23/07/2015 | 1 | 650.00 | 23/07/2015 | English Books | |||||||
| Not For Loan | Central Library | Central Library | 01/12/2016 | Cen Lib/Ret | 650.00 | 025.04 BAV | B-219988 | 01/12/2016 | 2 | 650.00 | 01/12/2016 | English Books | Dewey Decimal Classification | Reference |
